000 00429nam a2200145 4500
001 2179
005 20181127164713.0
020 0 0 _a8185778140
090 0 0 _a320.09934 V316a 2009
100 0 0 _aVarma, V. P.
245 0 0 _aAncient and medieval Indian political thought /
_b
_cVishwanath Prasad Varma.
_h
260 0 0 _aAgra :
_bLakshmi Narain Agarwal,
_c2009.
300 0 0 _axii, 747 p.
650 0 0 _aPolitical science --India --History.
_x
999 _c1723
_d1723